<?xml version="1.0" encoding="UTF-8"?>
<record
    xmlns:xsi="http://www.w3.org/2001/XMLSchema-instance"
    xsi:schemaLocation="http://www.loc.gov/MARC21/slim http://www.loc.gov/standards/marcxml/schema/MARC21slim.xsd"
    xmlns="http://www.loc.gov/MARC21/slim">

  <leader>03959nam a22004337a 4500</leader>
  <controlfield tag="001">BRCA_8533</controlfield>
  <controlfield tag="002">W-144</controlfield>
  <controlfield tag="003">FranzMayer</controlfield>
  <controlfield tag="005">20260505163254.0</controlfield>
  <controlfield tag="006">a||||gr|||| 00| | </controlfield>
  <controlfield tag="007">ta</controlfield>
  <controlfield tag="008">260324s1489    fr ||||g |||| 00| | lat d</controlfield>
  <datafield tag="040" ind1=" " ind2=" ">
    <subfield code="a">BMFM</subfield>
    <subfield code="b">spa</subfield>
  </datafield>
  <datafield tag="041" ind1="0" ind2=" ">
    <subfield code="a">lat</subfield>
  </datafield>
  <datafield tag="050" ind1=" " ind2="0">
    <subfield code="a">BX1749</subfield>
    <subfield code="b">.B66 1489 (W-144)</subfield>
  </datafield>
  <datafield tag="100" ind1="1" ind2=" ">
    <subfield code="a">Boneventure, Saint, Cardenal</subfield>
    <subfield code="d">(1221-1274)</subfield>
    <subfield code="9">30122</subfield>
  </datafield>
  <datafield tag="245" ind1="1" ind2="0">
    <subfield code="a">Sancti Bonau&#x113;nture tractatus &amp; libr&#xED; plurimi /</subfield>
    <subfield code="c">Saint Boneventure</subfield>
  </datafield>
  <datafield tag="246" ind1="1" ind2="3">
    <subfield code="a">Sancti Bonaue[n]ture Tractatus &amp; libri q[uam]plurim</subfield>
  </datafield>
  <datafield tag="246" ind1="1" ind2="3">
    <subfield code="a">Sancti Bonau&#x113;ture Tractatus &amp; libri quamplurimi</subfield>
  </datafield>
  <datafield tag="246" ind1="1" ind2="3">
    <subfield code="a">Sancti Bonaueture tractatus &amp; libri qm plurimi</subfield>
  </datafield>
  <datafield tag="246" ind1="1" ind2="3">
    <subfield code="a">Tractatus et libri quam plurimi</subfield>
  </datafield>
  <datafield tag="260" ind1=" " ind2=" ">
    <subfield code="a">Estrasburgo, Francia :</subfield>
    <subfield code="b">Flach, Martin ,</subfield>
    <subfield code="c">1489</subfield>
  </datafield>
  <datafield tag="300" ind1=" " ind2=" ">
    <subfield code="a">CCLXXXV [285] p&#xE1;ginas ;</subfield>
    <subfield code="b">28.1 x 19 x 5 cm </subfield>
  </datafield>
  <datafield tag="520" ind1="3" ind2=" ">
    <subfield code="a">Tratado en lat&#xED;n que recoge el pensamiento del te&#xF3;logo y fil&#xF3;sofo franciscano Juan de Fidanza, m&#xE1;s conocido como San Buenaventura de Bagnoregio, (1221-1274), doctor de la Iglesia y canonizado en 1482. La obra, impresa en el siglo XV, es un valioso testimonio de la difusi&#xF3;n del pensamiento escol&#xE1;stico a trav&#xE9;s de la imprenta.</subfield>
    <subfield code="b">Adem&#xE1;s de ser el segundo libro m&#xE1;s antiguo en la biblioteca del Museo Franz Mayer, este incunable es un testimonio de la evoluci&#xF3;n del conocimiento teol&#xF3;gico y filos&#xF3;fico en la &#xE9;poca medieval.</subfield>
  </datafield>
  <datafield tag="563" ind1=" " ind2=" ">
    <subfield code="a">Otras referencias f&#xED;sicas: Encuadernaci&#xF3;n flexible en pergamino. El papel del cuerpo del libro es de pulpa de trapo, hecho a mano, con marcas de verjurado y marcas de agua. El cuerpo del libro est&#xE1; formado por cuadernillos unidos mediante costura sobre cinco soportes de piel alumada. Se le a&#xF1;adieron prolongaciones a los soportes (cortados al ras) para unir el cuerpo a la cartera. Hojas de guarda repuestas (antiguas). Lomera recta; endoses de papel de re&#xFA;so en los seis paneles. Cabezadas tejidas con hilo caf&#xE9;, sobre almas de piel alumada y prolongaciones enlazadas a la cartera.Cantos del cuerpo refinados m&#xE1;s de una vez y coloreados en rojo. Marcas de fuego en los tres cantos. La cubierta tiene extensiones en el frente. Los cierres de la tapa anterior se perdieron; los cierres posteriores son de piel alumada. Restos de tejuelo en el lomo y r&#xF3;tulo manuscrito en el mismo. Texto impreso con anotaciones en tinta ferrog&#xE1;lica cortadas. Sello de lacre rojo en el &#xED;ndice</subfield>
  </datafield>
  <datafield tag="591" ind1=" " ind2=" ">
    <subfield code="a">Estado de Conservaci&#xF3;n: Bueno</subfield>
  </datafield>
  <datafield tag="591" ind1=" " ind2=" ">
    <subfield code="b">Descripci&#xF3;n de conservaci&#xF3;n: Reparaciones antiguas: etiqueta con t&#xED;tulo adherida en hoja antes del t&#xED;tulo, &#xED;ndice con injerto, hojas de guarda repuestas, refinado m&#xE1;s de una vez. Es posible que las reparaciones y la cubierta se hayan hecho en el antiguo Convento de San Francisco de Quer&#xE9;taro. Suciedad, manchas, galer&#xED;as, roturas y dobleces en el papel. Dobleces, arrugas y encogimiento del pergamino. Cierres anteriores perdidos y tejido de la cabezada de pie parcialmente perdido</subfield>
  </datafield>
  <datafield tag="592" ind1=" " ind2=" ">
    <subfield code="a">Marcas Adicionales: Exlibris de Franz Mayer. Texto en dos columnas. Tabla de contenido despu&#xE9;s de la portada. Tiene un sello de lacre en la p&#xE1;gina I. Anotaciones en la tabla de contenido. Notas manuscritas en: LXXXI [79], CXXI  [121], CCLCIIII [264], CCLXXV [275] y CCLXXVII [277]. Pie de imprenta del colof&#xF3;n. Marcas de fuego en los tres cantos, pertenecientes al antiguo Convento de San Francisco de Quer&#xE9;taro, Qro., M&#xE9;xico</subfield>
  </datafield>
  <datafield tag="593" ind1=" " ind2=" ">
    <subfield code="a">Incunable</subfield>
  </datafield>
  <datafield tag="650" ind1="1" ind2="0">
    <subfield code="a">Catholic church</subfield>
    <subfield code="y">Doctrines  Early works to 1800</subfield>
    <subfield code="9">30123</subfield>
  </datafield>
  <datafield tag="650" ind1="1" ind2="0">
    <subfield code="a">Mysticism</subfield>
    <subfield code="x">History</subfield>
    <subfield code="y">Middle Ages, 600-1500</subfield>
    <subfield code="9">30124</subfield>
  </datafield>
  <datafield tag="650" ind1="1" ind2="0">
    <subfield code="a">Theology</subfield>
    <subfield code="y">Early works to 1800</subfield>
    <subfield code="9">30125</subfield>
  </datafield>
  <datafield tag="655" ind1=" " ind2="0">
    <subfield code="a">Incunabula</subfield>
    <subfield code="y">1489</subfield>
    <subfield code="z">France</subfield>
    <subfield code="z">Strasbourg</subfield>
    <subfield code="9">30126</subfield>
  </datafield>
  <datafield tag="700" ind1="1" ind2=" ">
    <subfield code="a">Flach, Martin , </subfield>
    <subfield code="d">(Ca.1500)</subfield>
    <subfield code="e">editor</subfield>
    <subfield code="9">30127</subfield>
  </datafield>
  <datafield tag="856" ind1="4" ind2="1">
    <subfield code="q">TIF//PDF</subfield>
    <subfield code="u">https://bibliotecadigital.franzmayer.org.mx/items/e5b4f811-7379-4703-a6c8-c39d33f9c443</subfield>
    <subfield code="y">Biblioteca Digital Franz Mayer</subfield>
  </datafield>
  <datafield tag="902" ind1=" " ind2=" ">
    <subfield code="a">KH</subfield>
    <subfield code="a">TV</subfield>
    <subfield code="a">MF</subfield>
  </datafield>
  <datafield tag="942" ind1=" " ind2=" ">
    <subfield code="2">lcc</subfield>
    <subfield code="c">B</subfield>
  </datafield>
  <datafield tag="960" ind1=" " ind2=" ">
    <subfield code="a">CS-L1-N1</subfield>
  </datafield>
  <datafield tag="999" ind1=" " ind2=" ">
    <subfield code="c">11106</subfield>
    <subfield code="d">11106</subfield>
  </datafield>
  <datafield tag="952" ind1=" " ind2=" ">
    <subfield code="a">BRCA</subfield>
    <subfield code="b">BRCA</subfield>
    <subfield code="f">CS-L1-N1</subfield>
    <subfield code="i">W-144</subfield>
    <subfield code="l">0</subfield>
    <subfield code="o">BX1749 .B66 1489 (W-144)</subfield>
    <subfield code="p">LAR00039</subfield>
    <subfield code="r">2026-03-24 17:43:00</subfield>
    <subfield code="y">B</subfield>
    <subfield code="0">0</subfield>
    <subfield code="1">0</subfield>
    <subfield code="2">lcc</subfield>
    <subfield code="5">2</subfield>
    <subfield code="7">0</subfield>
    <subfield code="8">LAR</subfield>
  </datafield>
</record>
